000 00345 a2200169 4500
001 46611
020 _a9788581840284
040 _cAnchieta - Aquarius
100 _aMarshal, Nathalie
240 1 0 _a*Opostos
_lpor
245 1 0 _a*Opostos
300 _a
362 0 _a2013
440 1 _aGaudí
650 4 _aLiteratura infantil
942 _cBK
999 _c46611
_d46611